Top 35 Greatest Star Wars Characters - Statistics

General Stats
  • This quiz has been taken 54 times
  • The average score is 17 of 35
Answer Stats
Rank Answer % Correct
1 Darth Vader
98%
2 Leia Organa
98%
3 Han Solo
94%
5 Luke Skywalker
94%
4 Obi-Wan Kenobi
94%
12 Yoda
90%
13 R2-D2
85%
16 Chewbacca
83%
9 Palpatine
81%
15 Darth Maul
77%
6 Rey
75%
11 Finn
65%
19 Lando Calrissian
65%
23 Mace Windu
65%
7 Boba Fett
63%
22 Qui-Gon Jinn
60%
8 Kylo Ren
58%
21 BB-8
56%
18 Ahsoka Tano
54%
24 General Grievous
50%
28 Poe Dameron
46%
20 Cassian Andor
38%
10 Din Djarin
35%
17 Grogu
29%
32 K-2SO
19%
25 Sabine Wren
17%
27 Admiral Thrawn
15%
34 Bo-Katan Kryze
8%
30 Moff Gideon
6%
26 Chirrut Îmwe
4%
29 Dedra Meero
2%
14 Doctor Aphra
2%
31 Kuiil
2%
35 The Bendu
2%
33 The Stranger
2%
No matching quizzes found
Score Distribution
Percent of People with Each Score
Percentile by Number Answered
Your Score History
You have not taken this quiz